El dominio según el código civil español / (Record no. 35262)

MARC details
000 -LEADER
campo de control de longitud fija 00473nam a2200157 i 4500
001 - NÚMERO DE CONTROL
campo de control 35262
003 - IDENTIFICADOR DE NÚMERO DE CONTROL
campo de control ES-MaACL
005 - FECHA Y HORA DE LA ÚLTIMA TRANSACCIÓN
campo de control 20230906155104.0
007 - CAMPO FIJO DE DESCRIPCIÓN FÍSICA--INFORMACIÓN GENERAL
campo de control de longitud fija t|
008 - DATOS DE LONGITUD FIJA--INFORMACIÓN GENERAL
campo de control de longitud fija 030212s1948 sp ||||1| spa d
100 1# - ENTRADA PRINCIPAL--NOMBRE DE PERSONA
Nombre de persona Borrell y Soler, Antonio María.
9 (RLIN) 30595
245 13 - MENCIÓN DEL TÍTULO
Título El dominio según el código civil español /
Mención de responsabilidad, etc. Antonio M. Borrell y Soler.
260 ## - PUBLICACIÓN, DISTRIBUCIÓN, ETC.
Lugar de publicación, distribución, etc. Barcelona :
Nombre del editor, distribuidor, etc. Bachs,
Fecha de publicación, distribución, etc. 1948 (
Fabricante Clarasó)
300 ## - DESCRIPCIÓN FÍSICA
Extensión 516 p. ;
Dimensiones 23 cm.
852 ## - LOCALIZACIÓN
Ubicación ES-MaACL
Número de control de estantería D-7592
Sublocalización o colección R.30109
Holdings
Estatus retirado Estado de pérdida Estado de daño No para préstamo Biblioteca de origen Biblioteca actual Ubicación en estantería Fecha de adquisición Fuente de adquisición Total de préstamos Signatura topográfica completa Código de barras Visto por última vez Precio de reemplazo Tipo de ítem Koha
        Biblioteca del Ateneo de Madrid Biblioteca del Ateneo de Madrid Sala Valle Inclán 17/01/2008     D-7592 901036889 23/02/2023 23/02/2023 Libro impreso